Comparison of Smith-Purcell radiation models and criteria for their verification; Physical Review Special Topics - Accelerators and Beams; Vol. 9, Iss. 8

Bibliographic Details
Parent link:Physical Review Special Topics - Accelerators and Beams: journal.— , 1998-
Vol. 9, Iss. 8.— 2006.— P. 080701-1-080701-12
Main Author: Karlovets D. V. Dmitry Valeryevich
Other Authors: Potylitsyn A. P. Alexander Petrovich
Summary:The paper presents the analysis of the angular distributions of the incoherent Smith-Purcell radiation(SPR) generated by a charged particle passing over a periodic conducting structure (grating). Thecalculations were carried out for a grating which consists of conducting strips separated by vacuumgaps and a lamellar grating with the use of three models of this radiation: van den Berg‘s model, thesurface current model, and the resonant diffraction radiation model. The two last models predictsufficiently close results for different geometries, while the results obtained with van den Berg‘s modelpredict primarily the SPR intensity which is by a few orders of magnitude lower for the electron energy ≈ 6 MeV. The authors propose simple criteria to verify the SPR models by comparing the SPR yieldsbetween the volume (with the thickness comparable with a grating period) and flat (with the thicknesswhich is much less than that of a period) gratings; by comparing the azimuth dependencies of the SPRintensities from the flat gratings; by comparing the dependencies of the SPR intensity on the Lorentzfactor of a particle.
В фонде НТБ ТПУ отсутствует
Language:English
Published: 2006
Subjects:
Format: Book Chapter
KOHA link:https://koha.lib.tpu.ru/cgi-bin/koha/opac-detail.pl?biblionumber=599536

MARC

LEADER 00000naa0a2200000 4500
001 599536
005 20250411093221.0
035 |a (RuTPU)RU\TPU\tpu\23621 
035 |a RU\TPU\tpu\17691 
090 |a 599536 
100 |a 20130913d2006 k||y0rusy50 ba 
101 0 |a eng 
102 |a US 
200 1 |a Comparison of Smith-Purcell radiation models and criteria for their verification  |f D. V. Karlovets, A. P. Potylitsyn 
330 |a The paper presents the analysis of the angular distributions of the incoherent Smith-Purcell radiation(SPR) generated by a charged particle passing over a periodic conducting structure (grating). Thecalculations were carried out for a grating which consists of conducting strips separated by vacuumgaps and a lamellar grating with the use of three models of this radiation: van den Berg‘s model, thesurface current model, and the resonant diffraction radiation model. The two last models predictsufficiently close results for different geometries, while the results obtained with van den Berg‘s modelpredict primarily the SPR intensity which is by a few orders of magnitude lower for the electron energy ≈ 6 MeV. The authors propose simple criteria to verify the SPR models by comparing the SPR yieldsbetween the volume (with the thickness comparable with a grating period) and flat (with the thicknesswhich is much less than that of a period) gratings; by comparing the azimuth dependencies of the SPRintensities from the flat gratings; by comparing the dependencies of the SPR intensity on the Lorentzfactor of a particle. 
333 |a В фонде НТБ ТПУ отсутствует 
461 |t Physical Review Special Topics - Accelerators and Beams  |o journal  |d 1998- 
463 |t Vol. 9, Iss. 8  |v P. 080701-1-080701-12  |d 2006 
610 1 |a труды учёных ТПУ 
700 1 |a Karlovets  |b D. V.  |c Physicist  |c Researcher of Tomsk Polytechnic University, Candidate of physical and mathematical science  |f 1983-  |g Dmitry Valeryevich  |3 (RuTPU)RU\TPU\pers\30860 
701 1 |a Potylitsyn  |b A. P.  |c Russian physicist  |c Professor of the TPU  |f 1945-  |g Alexander Petrovich  |3 (RuTPU)RU\TPU\pers\26306  |9 12068 
801 1 |a RU  |b 63413507  |c 20100618 
801 2 |a RU  |b 63413507  |c 20150515  |g RCR 
942 |c CR